| 000 | 00816cam a22002653a 4500 | ||
|---|---|---|---|
| 001 | 4052 | ||
| 003 | PGUSA | ||
| 005 | 20140828083048.0 | ||
| 008 | 030501s2003||||xxu|||||s|||||000 | eng d | ||
| 040 |
_aPGUSA _beng |
||
| 042 | _adc | ||
| 050 | 4 | _aBV | |
| 050 | 4 | _aDU | |
| 100 | 1 |
_aJohnson, Richard, _d1755-1827 |
|
| 245 | 1 | 0 |
_aAddress to the Inhabitants of the Colonies, established in New South Wales And Norfolk Island _h[electronic resource] / _cRichard Johnson |
| 260 |
_bProject Gutenberg, _c2003 |
||
| 506 | _aPublic domain in the USA. | ||
| 516 | _aElectronic text | ||
| 653 | _aPrisoners -- Australia | ||
| 653 | _aSpeeches, addresses, etc. | ||
| 653 | _aSermons -- Australia -- 18th century | ||
| 830 | 0 |
_aProject Gutenberg _v4052 |
|
| 856 | 4 | 0 | _uhttp://www.gutenberg.org/ebooks/4052 |
| 942 | _cEB | ||
| 999 |
_c233381 _d233381 |
||